Testimonios para la iglesia : (Registro nro. 47586)

Detalles MARC
000 -LEADER
campo de control de longitud fija 02502cam a22005294i 4500
001 - NÚMERO DE CONTROL
campo de control u39226
003 - IDENTIFICADOR DE NÚMERO DE CONTROL
campo de control PE-LiUPU
005 - FECHA Y HORA DE LA ÚLTIMA TRANSACCIÓN
campo de control 20250731173327.0
008 - DATOS DE LONGITUD FIJA--INFORMACIÓN GENERAL
campo de control de longitud fija 150710s2003 ag r 000 0 spa d
020 ## - NÚMERO INTERNACIONAL ESTÁNDAR DEL LIBRO
Número Internacional Estándar del Libro 1575540355
035 ## - NÚMERO DE CONTROL DEL SISTEMA
Número de control de sistema (Sirsi) i9781575540351
040 ## - FUENTE DE CATALOGACIÓN
Centro catalogador/agencia de origen PE-LiUPU
Lengua de catalogación spa
Centro/agencia transcriptor PE-LiUPU
Normas de descripción rda
041 1# - CÓDIGO DE IDIOMA
Código de lengua del texto/banda sonora o título independiente spa
Código de lengua original eng
049 ## - FONDOS LOCALES (OCLC)
Biblioteca depositaria PRUA
082 04 - NÚMERO DE LA CLASIFICACIÓN DECIMAL DEWEY
Número de clasificación 286.7325
Cutter TPI 2003
100 1# - ENTRADA PRINCIPAL--NOMBRE DE PERSONA
Nombre de persona White, Elena G. de,
Fechas asociadas al nombre 1827-1915,
Término indicativo de función/relación autor.
245 10 - MENCIÓN DEL TÍTULO
Título Testimonios para la iglesia :
Resto del título contiene los testimonios no 1 al no 14.1 /
Mención de responsabilidad, etc. Elena G. de White.
264 #1 - PRODUCCIÓN, PUBLICACIÓN, DISTRIBUCIÓN, FABRICACIÓN Y COPYRIGHT
Producción, publicación, distribución, fabricación y copyright Florida :
Nombre del de productor, editor, distribuidor, fabricante Interamericana,
Fecha de producción, publicación, distribución, fabricación o copyright 2003.
300 ## - DESCRIPCIÓN FÍSICA
Extensión 654 páginas ;
Dimensiones 21 centímetros
336 ## - TIPO DE CONTENIDO
Término de tipo de contenido text
Fuente rdacontent
337 ## - TIPO DE MEDIO
Nombre/término del tipo de medio unmediated
Fuente rdamedia
338 ## - TIPO DE SOPORTE
Nombre/término del tipo de soporte volume
Fuente rdacarrier
505 0# - NOTA DE CONTENIDO CON FORMATO
Nota de contenido con formato Apuntes biográficos -- Testimonio No 1 (1855) -- Testimonio No 2 (1856) -- Testimonio No 3 (1857) -- Testimonio No 4 (1857) -- Testimonio No 5 (1859) -- Testimonio No 6 (1861) -- Testimonio No 7 (1862) -- Testimonio No 8 (1862) -- Testimonio No 9 1863) -- Testimonio No 10 (1864) -- Testimonio No 11 (1867) -- Testimonio No 12 (1867) -- Testimonio No 13 (1867) -- Testimonio No 14 (1868)..
526 ## - NOTA DE INFORMACIÓN SOBRE EL PROGRAMA DE ESTUDIO
Nombre del programa Segunda Especialidad En Profecías Bíblicas
526 ## - NOTA DE INFORMACIÓN SOBRE EL PROGRAMA DE ESTUDIO
Nombre del programa Segunda Especialidad En Nuevo Testamento
526 ## - NOTA DE INFORMACIÓN SOBRE EL PROGRAMA DE ESTUDIO
Nombre del programa Segunda Especialidad En Antiguo Testamento
526 ## - NOTA DE INFORMACIÓN SOBRE EL PROGRAMA DE ESTUDIO
Nombre del programa Segunda Especialidad En Estudios Adventistas
526 ## - NOTA DE INFORMACIÓN SOBRE EL PROGRAMA DE ESTUDIO
Nombre del programa Doctorado en teología
526 ## - NOTA DE INFORMACIÓN SOBRE EL PROGRAMA DE ESTUDIO
Nombre del programa Maestría en teología histórica
526 ## - NOTA DE INFORMACIÓN SOBRE EL PROGRAMA DE ESTUDIO
Nombre del programa Maestría en teología bíblica
526 ## - NOTA DE INFORMACIÓN SOBRE EL PROGRAMA DE ESTUDIO
Nombre del programa Maestría en teología
526 ## - NOTA DE INFORMACIÓN SOBRE EL PROGRAMA DE ESTUDIO
Nombre del programa Maestría en misionología
526 ## - NOTA DE INFORMACIÓN SOBRE EL PROGRAMA DE ESTUDIO
Nombre del programa Maestría en liderazgo eclesiástico
526 ## - NOTA DE INFORMACIÓN SOBRE EL PROGRAMA DE ESTUDIO
Nombre del programa Teología
534 ## - NOTA SOBRE LA VERSIÓN ORIGINAL
Encabezamiento principal del original Título original :tTestimonies for the church, volume 1
541 ## - NOTA DE FUENTE DE ADQUISICIÓN DIRECTA
-- 001-000386;
596 ## -
-- 1 2
610 2# - PUNTO DE ACCESO ADICIONAL DE MATERIA--NOMBRE DE ENTIDAD CORPORATIVA
Nombre de entidad corporativa o nombre de jurisdicción como elemento de entrada IASD
Subdivisión general Doctrinas.
650 04 - PUNTO DE ACCESO ADICIONAL DE MATERIA--TÉRMINO DE MATERIA
Término de materia o nombre geográfico como elemento de entrada Adventistas del séptimo día
Subdivisión general Doctrinas.
942 ## - ELEMENTOS DE ENTRADA SECUNDARIOS (KOHA)
Fuente del sistema de clasificación o colocación Clasificación Decimal Dewey
Tipo de ítem Koha
994 ## -
-- C0
-- PEPRU
949 ## - PROCESAMIENTO DE INFORMACIÓN LOCAL (OCLC)
a 286.7325 TPI 1
w DEWEY
c 1
i 58712
d 2018-5-15
e 2018-5-7
f 2018-2-7
g 2
l CCODEBUL1
m BUL
n 1
p 22.00
q 1
r 0
s Y
t BOOK
u 2015-7-10
x TEOLOGIA
-- P35
0 COMPRA
o .STAFF. Colección General
949 ## - PROCESAMIENTO DE INFORMACIÓN LOCAL (OCLC)
a W286.7325 TI T1 2003
w DEWEY
c 1
i FT01900
l CCODEBUT1
m BUT
p 20.00
r 0
s Y
t BOOK
u 2016-7-8
x BIBLIOTECA
z UNKNOWN
0 DONACION
o .STAFF. Colección General
999 ## - NÚMEROS DE CONTROL DE SISTEMA (KOHA)
-- DEWEY
-- 58712
-- 2019-10-21
-- 2021-11-11
-- 5
-- CCODEBUL1
-- BUL
-- 5
-- 22.00
-- 14
-- 0
-- Y
-- BOOK
-- 2015-7-10
-- TEOLOGIA
-- P35
-- COMPRA
-- .STAFF. Colección General
999 ## - NÚMEROS DE CONTROL DE SISTEMA (KOHA)
-- DEWEY
-- FT01900
-- 2019-2-20
-- 2
-- CCODEBUT1
-- BUT
-- 20.00
-- 0
-- Y
-- BOOK
-- 2016-7-8
-- BIBLIOTECA
-- UNKNOWN
-- DONACION
-- .STAFF. Colección General
980 ## - EQUIVALENCIA O REFERENCIA-CRUZADA-MENCIÓN DE SERIE--NOMBRE DE PERSONA/TÍTULO [LOCAL, CANADÁ]
ID del último usuario que modificó el registro 1
Nombre del último usuario que modificó el registro ALBERTO SANCHEZ Responsable de Automatización
Existencias
Visto por última vez Número de inventario Total de préstamos Signatura topográfica completa Código de barras Fecha del último préstamo Copia número Coste, precio de reemplazo Fecha de reemplazo Facultad Tipo de ítem Koha Nota pública Estado de pérdida Fuente del sistema de clasificación o colocación Restricciones de uso No para préstamo Colección Programa académico Biblioteca de origen Biblioteca actual Ubicación en estantería Fecha de adquisición Fuente de adquisición Coste, precio normal de compra
2025-12-02 6 5 286.7325 TPI 1 58712 2019-10-21 e1 27.00 2015-07-10   Libros físicos inventario-2023-12-13 No Perdido Clasificación Decimal Dewey No restringido Disponible para préstamos Colección General Teología Biblioteca CRAI UPeU Lima Biblioteca CRAI UPeU Lima Sala principal 2015-07-10 COMPRA 22.00